| 000 | 01328nam a2200361 i 4500 | ||
|---|---|---|---|
| 005 | 20220317002034.0 | ||
| 007 | ta | ||
| 008 | 201111s2010 ck a br 000 jdspa d | ||
| 020 | _a9789584524096 | ||
| 040 |
_aCO-BoRNBP _bspa _erda _cCO-BoRNBP |
||
| 041 | 1 |
_aspa _hpor |
|
| 084 | _aC COL3 | ||
| 100 | 1 |
_aColasanti, Marina _d1937- _eautora |
|
| 245 | 1 | 0 |
_aVeintitrés historias de un viajero _ctexto e ilustraciones Marina Colasanti ; traducción de Alberto Jiménez Rioja |
| 250 | _aPrimera edición | ||
| 264 | 1 |
_aBogotá _bEducactiva _bNorma _c2010 |
|
| 300 |
_a174 páginas _bilustraciones _c20 cm |
||
| 336 |
_2rdacontent _atexto _btxt |
||
| 337 |
_2rdamedia _asin mediación _bn |
||
| 338 |
_2rdacarrier _avolumen _bnc |
||
| 490 | 0 | _aTorre de papel. Amarilla | |
| 521 | _aRecomendado para un público infantil mayor de 9 años | ||
| 534 | _t23 historias de um viajante | ||
| 545 | _aIncluye datos biográficos de la autora en la contraportada | ||
| 650 | 1 | 7 |
_aCuentos infantiles brasileños _ySiglo XX _2LEMB |
| 650 | 1 | 7 |
_aLiteratura infantil brasileña _ySiglo XX _2LEMB |
| 650 | 1 | 7 |
_aAutores brasileños _ySiglo XX _2LEMB |
| 650 | 1 | 7 |
_aViajes _vCuentos _2LEMB |
| 650 | 1 | 7 |
_aMuerte _vCuentos _2LEMB |
| 650 | 1 | 7 |
_aEmociones _vCuentos _2LEMB |
| 700 | 1 |
_aJiménez Rioja, Alberto _etraductor _9169835 |
|
| 942 |
_2loc _cBKLIT |
||
| 999 |
_c8980 _d8980 |
||